Los diez mandamientos de la vejez

Guardat en:
Dades bibliogràfiques
Autor principal: Faguet, Emile (Autor)
Format: Llibre
Idioma:espanyol
Publicat: París Libreria de la Vda. de C. Bouret 1912
Edició:1a. ed
Matèries:
Etiquetes: Afegir etiqueta
Sense etiquetes, Sigues el primer a etiquetar aquest registre!

MARC

LEADER 00000cam a2200000 a 4500
001 UCD0343
003 CL-VaPUC
008 151120e19120000fr |||||||||||||||||spa|d
082 0 4 |a 291.4  |b FAG  |2 21 
100 0 |a Faguet, Emile  |e author  |9 583335 
245 1 4 |a Los diez mandamientos de la vejez 
250 |a 1a. ed 
300 |a 102 p 
942 |c BK 
945 |d 20151120 13:39:00  |a gsalatino 
260 |a París  |b Libreria de la Vda. de C. Bouret  |c 1912 
650 0 |a Vida espiritual  |9 307811 
650 0 |a Vejez   |9 307287 
650 0 |a Aspectos religiosos  |9 257320 
583 |a last modification  |c 20151120 13:39:00  |k Rodrigo Vera 
999 |c 361908  |d 361906 
952 |0 0  |1 0  |3 erd  |4 0  |6 291_400000000000000_FAG_1912  |7 0  |8 P  |9 472654  |a BIBTEO  |b BIBTES  |c TEO_FTES  |i 5271762  |o 291.4 FAG 1912  |p 5271762  |r 2024-01-18  |w 2019-11-24  |y BK  |z Catalogado en:20151120  |k ICR